| 000 | 00492nam a2200145 a 4500 | ||
|---|---|---|---|
| 001 | 000038300 | ||
| 005 | 20201002031222.0 | ||
| 008 | 130408s2004 dr a 000 0 spa d | ||
| 040 |
_aDO-SdBNP _bspa _cBNPHU |
||
| 100 | 1 |
_aDíaz, Vianela _92668 |
|
| 240 | 1 | 0 | _aVamos a conocer nuestra constitución |
| 245 | 1 | 0 |
_aMaterial de trabajo para los talleres de educación ciudadana / _cVianela Díaz. |
| 260 |
_aSanto Domingo : _bParticipación Ciudadana , _c[s. f.]. |
||
| 300 |
_a47 p. : _bil. ; _c27 cm. |
||
| 999 |
_c37790 _d37790 |
||